000 00475nam a2200181 a 4500
003 MO
005 20170314082936.0
008 100918s19uu xx 00 eng d
050 _aTR
_bC67 2002
100 _aColfer, Eoin.
245 _aArtemis Fowl. The Arctic incident.
260 _aNew York :
_bScholastic ,
_c2002.
650 _aFairies
_xFiction.
650 _aKidnapping
_x Fiction.
650 _aMothers and sons
_x Fiction.
942 _2ddc
_cBK
999 _c110683
_d110683